[Event "29.DSenEM2017-Gruppe-A"]
[White "Engelbert, Christoph"]
[Black "Meister, Jakob"]
[Site ""]
[Round "6.7"]
[Annotator ""]
[Result "0-1"]
[Date "2017.08.13"]
[WhiteElo "2162"]
[BlackElo "2437"]
[PlyCount "144"]

1. e4 c5 2. c3 d5 3. exd5 Qxd5 4. d4 Nf6 5. Nf3 Bg4 6. Be2 e6 7. 0-0 cxd4 8. cxd4 Nc6 9. h3 Bh5 10. Nc3 Qd6 11. Be3 Be7 12. Qb3 Qb4 13. Rfe1 0-0 14. d5 Qxb3 15. axb3 exd5 16. Nxd5 Rad8 17. Nxf6+ Bxf6 18. Bf4 Rfe8 19. Bc4 Re7 20. Rxe7 Bxe7 21. g4 Bg6 22. Ne5 Nxe5 23. Bxe5 Bc5 24. Re1 Re8 25. Bc3 Bb6 26. Rd1 h5 27. Kg2 Rd8 28. Rxd8+ Bxd8 29. Bd4 b6 30. Bd5 Bc7 31. Kf3 Bc2 32. Ke3 hxg4 33. hxg4 Kf8 34. f4 f6 35. g5 Ke7 36. Bc4 Bd6 37. Bc3 a5 38. Bd4 Bc5 39. gxf6+ gxf6 40. Bxc5+ bxc5 41. Kd2 Bf5 42. Kc3 Kd6 43. Be2 Bc8 44. Bf3 Be6 45. Be2 Bd5 46. Bg4 Bg2 47. Bc8 Bf1 48. Bb7 Bb5 49. Bf3 Bc6 50. Bg4 Be8 51. Bf3 Bf7 52. Be4 Bh5 53. Bb7 Be2 54. Bg2 Ke6 55. Bh3+ Kd6 56. Bg2 Bg4 57. Be4 Be6 58. Bf3 Ke7 59. Be4 Kf8 60. Bc2 Kg7 61. Kd2 Kh6 62. Ke3 Kh5 63. Kf3 Kh4 64. Ke3 Kh3 65. Bd1 Kg2 66. Bc2 Kf1 67. Bd3+ Ke1 68. Ke4 Bxb3 69. Kf5 Kd2 70. Bb5 Kc1 71. Kxf6 Kxb2 72. Ke5 c4 0-1

[Event "29.DSenEM2017-Gruppe-A"]
[White "Hanisch, Friedrich"]
[Black "Jergler, Karl-Heinz"]
[Site ""]
[Round "6.15"]
[Annotator ""]
[Result "1/2-1/2"]
[Date "2017.08.13"]
[WhiteElo "2075"]
[BlackElo "2243"]
[PlyCount "73"]

1. d4 Nf6 2. c4 g6 3. g3 Bg7 4. Bg2 d5 5. cxd5 Nxd5 6. Nf3 0-0 7. 0-0 Nc6 8. Nc3 Nxc3 9. bxc3 Na5 10. Qc2 c5 11. Rd1 cxd4 12. cxd4 Bf5 13. e4 Rc8 14. Qe2 Bg4 15. Be3 Nc4 16. Rab1 Qd7 17. d5 Nxe3 18. Qxe3 Rc3 19. Rd3 Rfc8 20. Ne1 b6 21. Rxc3 Rxc3 22. Qf4 Qc8 23. e5 Rc4 24. Qe3 Qf5 25. Nd3 Qc8 26. Re1 Bf5 27. Nf4 Bh6 28. d6 Bxf4 29. gxf4 exd6 30. exd6 Be6 31. h3 Rc3 32. Qe5 Rc1 33. Kh2 Rxe1 34. Qxe1 Bxa2 35. Qe7 Be6 36. Bd5 Qc5 37. Bxe6 1/2-1/2

[Event "29.DSenEM2017-Gruppe-A"]
[White "Kutschenko, Roland"]
[Black "Zimmermann, Rolf"]
[Site ""]
[Round "6.17"]
[Annotator ""]
[Result "0-1"]
[Date "2017.08.13"]
[WhiteElo "2061"]
[BlackElo "2205"]
[PlyCount "122"]

1. d4 d5 2. Bf4 Nf6 3. Nf3 e6 4. e3 c5 5. c3 Nc6 6. Bd3 Be7 7. Nbd2 Nh5 8. Bg3 a6 9. Ne5 Nxg3 10. Nxc6 bxc6 11. hxg3 h6 12. Nf3 Bf6 13. Kf1 Qd6 14. Qa4 Bd7 15. Re1 cxd4 16. cxd4 c5 17. Qa5 cxd4 18. exd4 Rb8 19. Qd2 Qb6 20. b3 Bxd4 21. Bb1 Bf6 22. Kg1 Qb4 23. Qe3 g5 24. Ne5 Bxe5 25. Qxe5 Ke7 26. Kh2 Qd6 27. Qd4 f6 28. Rhf1 Bb5 29. Bd3 Kf7 30. Bxb5 axb5 31. Kg1 Qb6 32. Qd1 Kg7 33. Qg4 Rhe8 34. Re2 Re7 35. Rfe1 e5 36. Rc1 Rbb7 37. Qf3 e4 38. Qc3 Rbc7 39. Qd2 Rxc1+ 40. Qxc1 d4 41. a4 d3 42. Rd2 Rc7 43. Qd1 bxa4 44. bxa4 Qc5 45. Kh2 Qc1 46. g4 Qxd1 47. Rxd1 Rc2 48. Kg3 f5 49. gxf5 Kf6 50. f3 Kxf5 51. fxe4+ Kxe4 52. Re1+ Kd4 53. Re8 Kc3 54. Kf3 g4+ 55. Kxg4 d2 56. Rd8 Rc1 57. Kh5 Rh1+ 58. Kg6 Rg1 59. Kxh6 Rxg2 60. a5 Rg1 61. a6 d1=Q 0-1

[Event "29.DSenEM2017-Gruppe-A"]
[White "Pruefer, Friedbert"]
[Black "Schneider, Alexander"]
[Site ""]
[Round "6.19"]
[Annotator ""]
[Result "1/2-1/2"]
[Date "2017.08.13"]
[WhiteElo "2194"]
[BlackElo "2043"]
[PlyCount "49"]

1. d4 Nf6 2. c4 e6 3. Nf3 b6 4. g3 Bb7 5. Bg2 Be7 6. 0-0 0-0 7. Re1 d6 8. Nc3 Ne4 9. Ng5 Bxg5 10. Bxg5 Qxg5 11. Nxe4 Bxe4 12. Bxe4 c6 13. Bg2 Qe7 14. Qa4 Qd7 15. Rac1 a6 16. Qb3 Qc7 17. Qf3 Ra7 18. Red1 Qe7 19. b4 b5 20. cxb5 axb5 21. a3 d5 22. Rc3 Ra6 23. Rdc1 Qa7 24. Qd3 Rd8 25. e3 1/2-1/2

[Event "29.DSenEM2017-Gruppe-A"]
[White "Namyslo, Holger"]
[Black "Buchal, Stephan"]
[Site ""]
[Round "7.1"]
[Annotator ""]
[Result "1/2-1/2"]
[Date "2017.08.14"]
[WhiteElo "2226"]
[BlackElo "2309"]
[PlyCount "61"]

1. e4 g6 2. d4 Bg7 3. Nf3 d6 4. Bc4 Nf6 5. Qe2 0-0 6. e5 Ne8 7. 0-0 c5 8. dxc5 dxe5 9. Nxe5 Qd4 10. Nf3 Qxc5 11. Be3 Qc7 12. Nc3 Nd6 13. Bb3 Bg4 14. Nd5 Qd7 15. Bg5 Nc6 16. Nxe7+ Kh8 17. Nxc6 Qxc6 18. Qd3 Bxb2 19. Rab1 Bxf3 20. gxf3 Bg7 21. Be7 Nf5 22. Bxf8 Rxf8 23. Bd5 Qf6 24. Rxb7 Qg5+ 25. Kh1 Be5 26. Qe4 Nd6 27. h4 Qf6 28. Qb4 Bf4 29. Qb2 Be5 30. Qb4 Bf4 31. Qb2 1/2-1/2

[Event "29.DSenEM2017-Gruppe-A"]
[White "Herbrechtsmeier, Christof"]
[Black "Schulz, Michael"]
[Site ""]
[Round "7.6"]
[Annotator ""]
[Result "1/2-1/2"]
[Date "2017.08.14"]
[WhiteElo "2264"]
[BlackElo "2181"]
[PlyCount "49"]

1. e4 e6 2. d4 d5 3. Nc3 Bb4 4. e5 c5 5. dxc5 Ne7 6. Nf3 Nbc6 7. Bd3 Ng6 8. Qe2 d4 9. a3 dxc3 10. axb4 cxb2 11. Bxb2 Nf4 12. Qe4 Nxd3+ 13. cxd3 a5 14. Bc3 Bd7 15. bxa5 Nxa5 16. 0-0 Bc6 17. Qg4 0-0 18. Ng5 h6 19. Nh3 Nb3 20. Rxa8 Qxa8 21. Nf4 Qa4 22. d4 Qc4 23. Nh5 g6 24. Nf6+ Kg7 25. Nh5+ 1/2-1/2

[Event "29.DSenEM2017-Gruppe-A"]
[White "Zimmermann, Rolf"]
[Black "Wagner-Michel, Annett"]
[Site ""]
[Round "7.10"]
[Annotator ""]
[Result "0-1"]
[Date "2017.08.14"]
[WhiteElo "2205"]
[BlackElo "2104"]
[PlyCount "158"]

1. c4 e5 2. Nc3 Nf6 3. g3 d5 4. cxd5 Nxd5 5. Bg2 Nb6 6. d3 Be7 7. Nf3 Nc6 8. 0-0 0-0 9. b3 f5 10. Nd2 Be6 11. Bb2 Qd7 12. Nc4 Bf6 13. Nxb6 axb6 14. Qd2 Rad8 15. Rad1 h6 16. Qc1 Rf7 17. e3 Nb4 18. d4 e4 19. Qb1 Qe8 20. Ne2 Rfd7 21. Bc3 Nd5 22. Bb2 g5 23. g4 f4 24. Qxe4 Bxg4 25. Qxe8+ Rxe8 26. Bxd5+ Rxd5 27. Nc3 Rd7 28. f3 Bh3 29. Ne4 Bg7 30. Rfe1 fxe3 31. Rxe3 Red8 32. b4 Bxd4 33. Rxd4 Rxd4 34. Bxd4 Rxd4 35. a3 Kf7 36. Kf2 Bf5 37. Rc3 c6 38. Ke3 Rd1 39. Ke2 Rd5 40. Nd2 b5 41. Nb3 Kf6 42. Nc5 Re5+ 43. Re3 b6 44. Nb3 Bd7 45. Kd2 Rd5+ 46. Ke2 Kf5 47. Re4 c5 48. Nd2 Bc6 49. Nf1 Rd6 50. Ng3+ Kg6 51. Re5 Bd5 52. Ne4 Bxe4 53. fxe4 Rc6 54. Kd2 Kf6 55. Rf5+ Ke6 56. Kc3 Rc7 57. Kb3 Rc8 58. Rd5 Rc6 59. Rf5 Kd6 60. Rd5+ Ke7 61. Re5+ Re6 62. Rd5 cxb4 63. Kxb4 Rxe4+ 64. Kxb5 Re3 65. a4 Rb3+ 66. Kc4 Rb2 67. h3 Ke6 68. Rd3 Ke5 69. Rf3 h5 70. Rf8 g4 71. hxg4 hxg4 72. Rf1 g3 73. Kc3 Rf2 74. Rg1 Kf4 75. Kc4 Kf3 76. Kb5 Rb2+ 77. Ka6 Kf2 78. Ra1 g2 79. a5 bxa5 0-1

[Event "29.DSenEM2017-Gruppe-A"]
[White "Schmidt, Gerhard"]
[Black "Schrems, Hermann"]
[Site ""]
[Round "7.16"]
[Annotator ""]
[Result "1-0"]
[Date "2017.08.14"]
[WhiteElo "2198"]
[BlackElo "2094"]
[PlyCount "75"]

1. e4 Nf6 2. Nc3 d5 3. e5 Nfd7 4. e6 fxe6 5. d4 c5 6. Bd3 g6 7. dxc5 Nc6 8. h4 Nf6 9. h5 gxh5 10. Bg5 Qa5 11. Bxf6 exf6 12. Qxh5+ Ke7 13. 0-0-0 Qxc5 14. Nf3 Bd7 15. Ne4 Qa5 16. Nxf6 Qxa2 17. Qh4 Qa1+ 18. Kd2 Qa5+ 19. c3 Kd6 20. Ng5 Nd8 21. Qf4+ Ke7 22. Nh5 Ke8 23. Bxh7 Qc5 24. Bg6+ Ke7 25. Qf6+ Kd6 26. Qxh8 Qxf2+ 27. Kc1 Qe3+ 28. Rd2 Be7 29. Nf3 Rc8 30. Qd4 Qh6 31. Qe5+ Kc6 32. Bc2 Bd6 33. Ba4+ Kc7 34. Qd4 Nc6 35. Bxc6 Bxc6 36. Qg7+ Qxg7 37. Nxg7 Bf4 38. Nxe6+ 1-0

[Event "29.DSenEM2017-Gruppe-A"]
[White "Schmidt, Bodo"]
[Black "Buchal, Stephan"]
[Site ""]
[Round "8.1"]
[Annotator ""]
[Result "1-0"]
[Date "2017.08.15"]
[WhiteElo "2331"]
[BlackElo "2309"]
[PlyCount "131"]

1. d4 d6 2. Nf3 g6 3. c4 Bg7 4. Nc3 Nf6 5. e4 0-0 6. Be2 Na6 7. 0-0 e5 8. Be3 Ng4 9. Bg5 f6 10. Bc1 c6 11. h3 Nh6 12. Rb1 Nf7 13. b4 f5 14. d5 c5 15. a3 b6 16. Qc2 Bd7 17. Qd3 Nc7 18. Bd1 Ne8 19. Nd2 Nf6 20. Ba4 Bh6 21. Bc6 Rc8 22. b5 Rc7 23. Bxd7 Qxd7 24. Nf3 fxe4 25. Nxe4 Nxe4 26. Qxe4 Qf5 27. Qxf5 gxf5 28. Bxh6 Nxh6 29. Ng5 Rf6 30. f4 Re7 31. Rbe1 e4 32. Ne6 Re8 33. Kf2 Rg6 34. Rg1 Kh8 35. Ng5 Rf8 36. g3 Nf7 37. Ne6 Rfg8 38. a4 h5 39. Rg2 Nd8 40. Ng5 Nb7 41. g4 fxg4 42. hxg4 Rf6 43. Ne6 Rxg4 44. Rxg4 hxg4 45. Rxe4 Na5 46. Kg3 Nb3 47. Ng5 Nd2 48. Re8+ Kg7 49. Ne4 Nxe4+ 50. Rxe4 Kf7 51. Re1 Rh6 52. Kxg4 Rh2 53. Re6 Ra2 54. Rxd6 Rxa4 55. Kf5 Rxc4 56. Rd7+ Ke8 57. Rxa7 Rc1 58. d6 c4 59. Rb7 c3 60. Rxb6 c2 61. Rc6 Kd7 62. Kf6 Rd1 63. Rxc2 Rxd6+ 64. Ke5 Re6+ 65. Kf5 Rb6 66. Rb2 1-0

[Event "29.DSenEM2017-Gruppe-A"]
[White "Herbrechtsmeier, Christof"]
[Black "Khanukov, Boris"]
[Site ""]
[Round "8.4"]
[Annotator ""]
[Result "1/2-1/2"]
[Date "2017.08.15"]
[WhiteElo "2264"]
[BlackElo "2295"]
[PlyCount "89"]

1. e4 e5 2. Nf3 Nc6 3. Bc4 Bc5 4. c3 Nf6 5. d4 exd4 6. cxd4 Bb4+ 7. Bd2 Bxd2+ 8. Nbxd2 d5 9. exd5 Nxd5 10. Qb3 Nce7 11. 0-0 0-0 12. Rfe1 c6 13. Ne4 h6 14. Rac1 Qb6 15. Qa3 Qd8 16. Nd6 a5 17. Nxc8 Rxc8 18. Qb3 Qc7 19. a3 Rcd8 20. g3 Qc8 21. Re4 Ng6 22. Bxd5 Rxd5 23. Qxd5 cxd5 24. Rxc8 Rxc8 25. Re2 Kf8 26. Ne5 Nxe5 27. Rxe5 Rd8 28. a4 Rd6 29. Kf1 f6 30. Re3 Rb6 31. b3 Rb4 32. Rd3 Ke7 33. Ke2 Kd6 34. Ke3 h5 35. h4 g5 36. hxg5 fxg5 37. f4 Ke6 38. fxg5 Kf5 39. g6 Rb6 40. g7 Rg6 41. Kf3 Rxg7 42. Re3 Rd7 43. Re5+ Kg6 44. Re6+ Kg5 45. Re5+ 1/2-1/2

[Event "29.DSenEM2017-Gruppe-A"]
[White "Meister, Jakob"]
[Black "Koehler, Gerhard"]
[Site ""]
[Round "8.9"]
[Annotator ""]
[Result "1/2-1/2"]
[Date "2017.08.15"]
[WhiteElo "2437"]
[BlackElo "2188"]
[PlyCount "30"]

1. e4 e6 2. d4 d5 3. Nc3 Nf6 4. exd5 exd5 5. Bg5 Be7 6. Qf3 c6 7. Bd3 0-0 8. Nge2 Bg4 9. Qg3 Bxe2 10. Bxf6 Bxf6 11. Nxe2 Re8 12. 0-0 Nd7 13. c3 g6 14. Nf4 Bg7 15. h4 Nf8 1/2-1/2

[Event "29.DSenEM2017-Gruppe-A"]
[White "Rahls, Peter"]
[Black "Schmidt, Gerhard"]
[Site ""]
[Round "8.14"]
[Annotator ""]
[Result "1-0"]
[Date "2017.08.15"]
[WhiteElo "2152"]
[BlackElo "2198"]
[PlyCount "49"]

1. e4 c5 2. Ne2 d6 3. Nbc3 Nf6 4. g3 Nc6 5. Bg2 e6 6. d3 Be7 7. 0-0 e5 8. h3 Nd4 9. f4 Bd7 10. g4 Bc6 11. Ng3 0-0 12. f5 Nd7 13. Nd5 Bg5 14. f6 gxf6 15. c3 Ne6 16. Nf5 Kh8 17. Nxd6 Bxc1 18. Qxc1 Bxd5 19. exd5 Nf4 20. Qe3 Nb6 21. Rxf4 Qxd6 22. Rf5 Nxd5 23. Qh6 Nf4 24. Be4 Rg8 25. Rxf6 1-0

[Event "29.DSenEM2017-Gruppe-A"]
[White "Vasiljev, Jurij"]
[Black "Zimmermann, Rolf"]
[Site ""]
[Round "8.17"]
[Annotator ""]
[Result "1-0"]
[Date "2017.08.15"]
[WhiteElo "2073"]
[BlackElo "2205"]
[PlyCount "67"]

1. d4 d5 2. Bf4 Nf6 3. e3 e6 4. Nf3 c5 5. c3 Nc6 6. Nbd2 Be7 7. Ne5 Nxe5 8. dxe5 Nd7 9. Bd3 Qc7 10. Nf3 b6 11. a4 Bb7 12. h4 h6 13. a5 c4 14. Bc2 b5 15. Nd4 a6 16. Qg4 0-0-0 17. Qxg7 Bc5 18. Qxf7 Bxd4 19. cxd4 Rde8 20. Bxh6 Qd8 21. Bg5 Qc7 22. Qf3 Nb8 23. h5 Nc6 24. h6 Nb4 25. Bg6 Reg8 26. Qf6 Kb8 27. 0-0 Bc8 28. f4 Bd7 29. h7 Rf8 30. Qe7 Nc6 31. Qc5 Be8 32. Bc2 Rxh7 33. Bxh7 Qxh7 34. Qxf8 1-0

[Event "29.DSenEM2017-Gruppe-A"]
[White "Engelbert, Christoph"]
[Black "Eichner, Christian"]
[Site ""]
[Round "8.19"]
[Annotator ""]
[Result "0-1"]
[Date "2017.08.15"]
[WhiteElo "2162"]
[BlackElo "2051"]
[PlyCount "48"]

1. e4 e5 2. Nf3 Nc6 3. Bc4 Nf6 4. Ng5 d5 5. exd5 b5 6. Bf1 Nd4 7. c3 Nxd5 8. cxd4 Qxg5 9. Bxb5+ Kd8 10. 0-0 Rb8 11. Bc6 Nb4 12. Bf3 Nd3 13. Be4 Nxc1 14. Qxc1 f5 15. Bc6 exd4 16. Qc4 Qf6 17. Re1 Bd6 18. Na3 Rxb2 19. Nb5 Rb4 20. Qd5 d3 21. Nxa7 Re4 22. Nxc8 Kxc8 23. Rab1 Qe5 24. Rxe4 Qxh2+ 0-1

[Event "29.DSenEM2017-Gruppe-A"]
[White "Rotstein, Jefim"]
[Black "Schmidt, Bodo"]
[Site ""]
[Round "9.1"]
[Annotator "hugo50"]
[Result "1-0"]
[Date "2017.08.16"]
[WhiteElo "2310"]
[BlackElo "2331"]
[PlyCount "153"]

1. Nf3 d5 2. g3 Bg4 3. Bg2 Nd7 4. d4 e6 5. 0-0 Bd6 6. Nbd2 Ngf6 7. Re1 Bf5 8. Nh4 Bg4 9. c4 c6 10. Qb3 Qb6 11. c5 Qxb3 12. Nxb3 Bc7 13. f3 Bh5 14. e4 0-0-0 15. e5 Ng8 16. g4 Bg6 17. Nxg6 hxg6 18. Bd2 b6 19. Bf1 Kb7 20. a4 bxc5 21. Nxc5+ Nxc5 22. dxc5 Ne7 23. b4 d4 24. b5 Rd5 25. f4 g5 26. Bg2 Rhd8 27. Bxd5 Rxd5 28. fxg5 Ng6 29. Rf1 Rd7 30. b6 axb6 31. Rab1 b5 32. axb5 cxb5 33. Rxb5+ Kc6 34. Rb3 Bxe5 35. Rc1 Bc7 36. Ra3 e5 37. Ra6+ Kd5 38. c6 Rd8 39. Ba5 Rc8 40. Kf2 Nf4 41. Rb1 Nd3+ 42. Kg3 Nc5 43. Ra7 Bxa5 44. Rxa5 Rxc6 45. h4 d3 46. h5 Kd4 47. Ra7 Ne4+ 48. Kh4 Rc2 49. Rh1 Nf2 50. Rh2 Ke3 51. h6 gxh6 52. gxh6 e4 53. Rxf7 d2 54. Rfxf2 d1=Q 55. Rxc2 Qe1+ 56. Kh5 Qa5+ 57. g5 Qf5 58. Rce2+ Kd4 59. Ref2 Qe5 60. h7 e3 61. Rfg2 Kd3 62. Kh6 Qd6+ 63. g6 Qf4+ 64. Kh5 Qe5+ 65. Kh4 Qg7 66. Rh3 Qh6+ 67. Kg3 Qg5+ 68. Kh2 Qe5+ 69. Kh1 Qa1+ 70. Rg1 Qa8+ 71. Kh2 Qb8+ 72. Rhg3 Qb2+ 73. Kh3 Qg7 74. Re1 Kd2 75. Rexe3 Qh6+ 76. Kg2 Qg7 77. Re8 {(Zeit)} 1-0

[Event "29.DSenEM2017-Gruppe-A"]
[White "Khanukov, Boris"]
[Black "Haubt, Georg"]
[Site ""]
[Round "9.3"]
[Annotator ""]
[Result "1-0"]
[Date "2017.08.16"]
[WhiteElo "2295"]
[BlackElo "2183"]
[PlyCount "51"]

1. d4 d5 2. c4 Nc6 3. Nf3 Bf5 4. cxd5 Qxd5 5. Nc3 Qa5 6. Bd2 Bg4 7. d5 Bxf3 8. exf3 Ne5 9. Nb5 Qb6 10. Be3 Qa5+ 11. b4 Qxb4+ 12. Bd2 Qh4 13. Nxc7+ Kd8 14. Nxa8 e6 15. dxe6 Kc8 16. Rc1+ Kb8 17. Bc3 Nc6 18. Bb5 Ba3 19. Bxc6 Ne7 20. Be4 f5 21. g3 Qh6 22. Be5+ Kxa8 23. Bxb7+ Kxb7 24. Qb3+ Ka8 25. Qxa3 Qxe6 26. 0-0 1-0

[Event "29.DSenEM2017-Gruppe-A"]
[White "Namyslo, Holger"]
[Black "Schulz, Michael"]
[Site ""]
[Round "9.4"]
[Annotator ""]
[Result "1-0"]
[Date "2017.08.16"]
[WhiteElo "2226"]
[BlackElo "2181"]
[PlyCount "51"]

1. e4 e6 2. d4 d5 3. Nd2 Nf6 4. e5 Nfd7 5. Bd3 c5 6. c3 Nc6 7. Ndf3 Qb6 8. Ne2 cxd4 9. cxd4 f6 10. Nf4 Na5 11. 0-0 fxe5 12. Nxe5 Nxe5 13. dxe5 g6 14. Qg4 Bg7 15. Nxg6 hxg6 16. Bxg6+ Kd7 17. Be3 Qc7 18. f4 Nc6 19. Bf7 Bxe5 20. Qxe6+ Kd8 21. Qxd5+ Bd6 22. Bc5 Qxf7 23. Qxf7 Bxc5+ 24. Kh1 Be7 25. Rad1+ Bd7 26. Qe6 1-0

[Event "29.DSenEM2017-Gruppe-A"]
[White "Koehler, Gerhard"]
[Black "Vasiljev, Jurij"]
[Site ""]
[Round "9.13"]
[Annotator ""]
[Result "1-0"]
[Date "2017.08.16"]
[WhiteElo "2188"]
[BlackElo "2073"]
[PlyCount "137"]

1. c4 c6 2. g3 d5 3. Bg2 Nf6 4. Qc2 g6 5. b3 Bg7 6. Bb2 0-0 7. Nf3 Bf5 8. d3 Nbd7 9. Nd4 e5 10. Nxf5 gxf5 11. Nd2 e4 12. 0-0 Qe7 13. e3 Ne5 14. Bxe5 Qxe5 15. d4 Qe7 16. c5 a5 17. a3 h5 18. Qc3 h4 19. Bh3 Ng4 20. f3 exf3 21. Rxf3 Bh6 22. Re1 Qg5 23. Qd3 Rae8 24. Rxf5 Qg6 25. Bxg4 Qxg4 26. Rf3 Re6 27. Kf2 Rfe8 28. Nf1 Re4 29. Qc3 Ra8 30. Kg2 h3+ 31. Kf2 f5 32. Nd2 Rae8 33. Nxe4 fxe4 34. Rf4 Bxf4 35. exf4 Rf8 36. Qe3 Kg7 37. Qe2 Qf5 38. Ke3 Kh6 39. Rf1 Rg8 40. Qd2 Ra8 41. Rg1 Qg4 42. Qe2 Kh5 43. Rf1 Qxe2+ 44. Kxe2 Kg4 45. Ke3 Kf5 46. g4+ Kxg4 47. Rg1+ Kf5 48. Rg5+ Ke6 49. f5+ Kf6 50. Kf4 Re8 51. Rg6+ Kf7 52. Rg3 Rh8 53. Rg6 Re8 54. Ke3 Rh8 55. Rd6 Rh4 56. b4 axb4 57. axb4 Rh8 58. Rd7+ Kf6 59. Rxb7 Kxf5 60. Rf7+ Kg5 61. Rg7+ Kf5 62. b5 cxb5 63. Rd7 Rb8 64. Rxd5+ Kg4 65. Kxe4 b4 66. Rd7 Kg5 67. c6 b3 68. Rb7 Re8+ 69. Kd3 1-0

[Event "29.DSenEM2017-Gruppe-A"]
[White "Neumann, Joachim"]
[Black "Seyfried, Claus"]
[Site ""]
[Round "9.14"]
[Annotator "hugo50"]
[Result "0-1"]
[Date "2017.08.16"]
[WhiteElo "2068"]
[BlackElo "2151"]
[PlyCount "52"]

1. Nf3 d5 2. d4 c6 3. c4 e6 4. e3 Bd6 5. b3 f5 6. Be2 Nf6 7. 0-0 Qe7 8. Ne5 0-0 9. f4 b6 10. Bb2 Bb7 11. Nd2 Nbd7 12. Rc1 {(=)} Rac8 13. Ndf3 Ne4 14. Nxd7 Qxd7 15. Ne5 Qe7 16. Bd3 Rf6 17. Rc2 Rh6 18. g3 Nf6 19. cxd5 Nxd5 20. Re2 Nb4 21. Ba3 Nxd3 22. Qxd3 Rd8 23. Rd2 Rf6 24. e4 c5 25. d5 fxe4 26. Qxe4 exd5 0-1

[Event "29.DSenEM2017-Gruppe-A"]
[White "Schmidt, Gerhard"]
[Black "Glatthor, Thomas"]
[Site ""]
[Round "9.18"]
[Annotator ""]
[Result "1/2-1/2"]
[Date "2017.08.16"]
[WhiteElo "2198"]
[BlackElo "2062"]
[PlyCount "38"]

1. d4 d6 2. Nf3 g6 3. c4 Bg7 4. Nc3 Nf6 5. Bg5 h6 6. Bh4 c6 7. e3 Bf5 8. Bd3 Bxd3 9. Qxd3 Nbd7 10. 0-0 0-0 11. Rfd1 Re8 12. d5 g5 13. Bg3 Nh5 14. Nd4 Nxg3 15. hxg3 Ne5 16. Qe2 Qd7 17. f4 Ng6 18. Qd3 Bxd4 19. Qxd4 Qg4 1/2-1/2